000 01591nam a2200433 i 4500
001 019998902
003 EG-ScBUE
005 20211208123659.0
008 210601t2021 enka f bc 001 0 eng d
020 _a9781838661694 (hbk.)
035 _a(UkCU)991006798629303606
035 _a(UkOxU)022564851
035 _a(UkMaC)340333103
035 _a(Uk)019998902
035 _a(StEdALDL)1/3983206
040 _aStDuBDS
_beng
_erda
_cStDuBDS
_dUkCU
_dEG-ScBUE
082 0 4 _a741
_bVIT
_222
245 0 0 _aVitamin D3 :
_btoday's best in contemporary drawing /
_cproject editor Louisa Elderton ; commissioning editor Rebecca Morrill ; introduction Anna Lovatt.
246 3 _aVitamin D three :
_btoday's best in contemporary drawing
264 1 _aLondon :
_bPhaidon Press Limited,
_c2021.
264 4 _c©2021
300 _a299 pages :
_billustrations (black and white, and colour) ;
_c30 cm
336 _atext
_2rdacontent
_btxt
336 _astill image
_2rdacontent
_btxt
337 _aunmediated
_2rdamedia
_bn
338 _avolume
_2rdacarrier
_bnc
504 _aIncludes bibliographical references and index.
650 7 _aDrawing
_y21st century
_vCatalogs.
_2BUEsh
650 7 _aDrawing
_y20th century
_vCatalogs.
_2BUEsh
650 7 _aDrawing
_y21st century.
_2BUEsh
650 7 _aDrawing
_y20th century.
_2BUEsh
650 7 _aArtists
_vBiography.
_2BUEsh
653 _bART
_cDecember2021
655 _vReading book
_934232
700 1 _aElderton, Louisa,
_eeditor.
700 1 _aMorrill, Rebecca,
_eeditor.
700 1 _aLovatt, Anna,
_eauthor of introduction, etc.
942 _2ddc
_cBB
999 _c29709
_d29680